Normal view
MARC view
- اعداد الدباس ، اسماعيل احمد واخرون
Entry Personal Name
001 - CONTROL NUMBER
- control field: 8860
003 - CONTROL NUMBER IDENTIFIER
- control field: JO-AjAnu
005 - DATE AND TIME OF LATEST TRANSACTION
- control field: 20230606071728.0
008 - FIXED-LENGTH DATA ELEMENTS
- fixed length control field: 230606|| aca||aabn | a|a d
040 ## - CATALOGING SOURCE
- Original cataloging agency: JO-AjAnu
- Transcribing agency: JO-AjAnu
100 ## - HEADING--PERSONAL NAME
- Personal name: اعداد الدباس ، اسماعيل احمد واخرون
670 ## - SOURCE DATA FOUND
- Source citation: Work cat.: (JO-AjAnu)4572: اعداد الدباس ، اسماعيل احمد واخرون , author, الدليل العملي للتصنيف في المكتبات ومراكز التوثيق والمعلومات